|
|
|
|
| LEADER |
00914nam a22002651a 4500 |
| 001 |
c000184974 |
| 003 |
CARM |
| 005 |
20050815112545.0 |
| 008 |
700330s1968 at a b 000 0 eng d |
| 015 |
|
|
|a Aus68-173
|
| 019 |
1 |
|
|a 223503
|z 23951056
|5 LACONCORD2021
|
| 035 |
|
|
|a (OCoLC)42399
|5 LACONCORD2021
|
| 040 |
|
|
|a LC
|b eng
|c LC
|d SFU
|
| 042 |
|
|
|a anuc
|
| 050 |
0 |
0 |
|a HD31
|b .C613
|
| 082 |
0 |
4 |
|a 658.1
|2 17
|
| 100 |
1 |
|
|a Collins, A. K.
|q (Alan Keith)
|
| 245 |
1 |
4 |
|a The dynamics of organization /
|c [by] A.K. Collins.
|
| 260 |
|
|
|a Melbourne, Vic. :
|b Sun Books,
|c [1968].
|
| 300 |
|
|
|a 126 p. :
|b diagrs. ;
|c 19 cm.
|
| 504 |
|
|
|a Bibliography: p. 123-126.
|
| 650 |
|
0 |
|a Organization.
|
| 852 |
8 |
|
|b CARM
|h A2:AH11H0
|i A02945
|p 0257673
|f BK
|
| 999 |
f |
f |
|i 71809d24-b1d9-5444-8651-0b18db09d89c
|s dc9df629-fafa-5bc8-9510-b646d77df243
|
| 952 |
f |
f |
|p Can circulate
|a CAVAL
|b CAVAL
|c CAVAL
|d CARM 1 Store
|e A02945
|f A2:AH11H0
|h Other scheme
|i book
|m 0257673
|